<?xml version="1.0" encoding="UTF-8"?>
<collection xmlns="http://www.loc.gov/MARC21/slim">
 <record>
  <leader>01157nma a2200241 a 4500</leader>
  <controlfield tag="001">1/24144</controlfield>
  <controlfield tag="008">041216s1998    xxu    f   ia       eng  </controlfield>
  <datafield tag="020" ind1=" " ind2=" ">
   <subfield code="a">0078530741</subfield>
  </datafield>
  <datafield tag="035" ind1=" " ind2=" ">
   <subfield code="l">25878</subfield>
  </datafield>
  <datafield tag="040" ind1=" " ind2=" ">
   <subfield code="a">GR-PeUP</subfield>
  </datafield>
  <datafield tag="082" ind1="0" ind2="0">
   <subfield code="a">CD ROM 503 McG</subfield>
  </datafield>
  <datafield tag="245" ind1="0" ind2="0">
   <subfield code="a">McGraw-Hill Multimedia Encyclopedia of Science &amp; Technology</subfield>
  </datafield>
  <datafield tag="260" ind1="0" ind2=" ">
   <subfield code="a">New York:</subfield>
   <subfield code="b">McGraw-Hill,</subfield>
   <subfield code="c">1998</subfield>
  </datafield>
  <datafield tag="300" ind1=" " ind2=" ">
   <subfield code="a">1 CD-ROM ;</subfield>
   <subfield code="c">4 3/4 in. +</subfield>
   <subfield code="e">οδηγό χρήσης</subfield>
  </datafield>
  <datafield tag="500" ind1=" " ind2=" ">
   <subfield code="a">Version 2.0</subfield>
  </datafield>
  <datafield tag="538" ind1=" " ind2=" ">
   <subfield code="a">Απαιτήσεις συστήματος: IBM PC or compatible with 386 or later (486 preferred); 4MB RAM minimum (8 MB recommended); 10 MB free hard-disk space; CD-ROM drive (ISO9660) VGA or SVGA monitor; Microsoft Windows 3.1 or 95; 2x CD-ROM drive or faster ; options include Microsoft-compatible mouse; sound boear; printer.; IBM PC; CD-ROM player</subfield>
  </datafield>
  <datafield tag="650" ind1=" " ind2="4">
   <subfield code="a">Science</subfield>
   <subfield code="x">Encyclopedias.</subfield>
  </datafield>
  <datafield tag="650" ind1=" " ind2="4">
   <subfield code="a">Technology</subfield>
   <subfield code="x">Encyclopaedias.</subfield>
  </datafield>
  <datafield tag="650" ind1=" " ind2="4">
   <subfield code="a">Science</subfield>
   <subfield code="x">Dictionaries.</subfield>
  </datafield>
  <datafield tag="650" ind1=" " ind2="4">
   <subfield code="a">Technology</subfield>
   <subfield code="x">Dictionaries.</subfield>
  </datafield>
  <datafield tag="710" ind1="2" ind2=" ">
   <subfield code="a">McGraw-Hill Book Company.</subfield>
  </datafield>
  <datafield tag="852" ind1=" " ind2=" ">
   <subfield code="a">INST</subfield>
   <subfield code="b">UNIPILB</subfield>
   <subfield code="c">MMEDIA</subfield>
   <subfield code="e">20041216</subfield>
   <subfield code="h">CD ROM 503 McG</subfield>
   <subfield code="p">00145530</subfield>
   <subfield code="q">00145530</subfield>
   <subfield code="t">NOLOAN</subfield>
   <subfield code="y">23</subfield>
   <subfield code="4">1</subfield>
  </datafield>
  <datafield tag="856" ind1="4" ind2=" ">
   <subfield code="d">/webopac/covers/02/25878_0078530741.jpg</subfield>
  </datafield>
 </record>
</collection>
